Estrategia para el liderazgo competitivo: de la visión a los resultados
Uloženo v:
| Hlavní autor: | |
|---|---|
| Další autoři: | |
| Médium: | Kniha |
| Jazyk: | španělština |
| Vydáno: |
Buenos Aires, Argentina
Granica
1997
|
| Témata: | |
| On-line přístup: | Disponible Online |
| Tagy: |
Přidat tag
Žádné tagy, Buďte první, kdo vytvoří štítek k tomuto záznamu!
|
MARC
| LEADER | 00000nam a2200000 a 4500 | ||
|---|---|---|---|
| 001 | UCP3128 | ||
| 003 | CL-VaPUC | ||
| 005 | 20210702144107.0 | ||
| 008 | 990611e19970000AG |||||||||||||||||spa|d | ||
| 999 | |c 281555 |d 281553 | ||
| 020 | |a 9562013308 | ||
| 040 | |c Pontificia Universidad Católica de Valparaíso | ||
| 082 | 0 | 4 | |a 658.401 HAX 1997 |2 21 |
| 100 | |a Hax, Arnoldo C |e author |9 578134 | ||
| 245 | 1 | 0 | |a Estrategia para el liderazgo competitivo: de la visión a los resultados |
| 260 | |a Buenos Aires, Argentina |b Granica |c 1997 | ||
| 300 | |a 536 páginas | ||
| 583 | |a last modification |c 20180522 05:23:09 |k Rodrigo Vera | ||
| 650 | 0 | |a Administración |9 259325 | |
| 650 | 7 | |a PLANIFICACION |2 CL-VaPUC |9 260802 | |
| 650 | 0 | |a Liderazgo |9 271835 | |
| 650 | 0 | |a Análisis de mercado |9 260838 | |
| 700 | |a Majluf Sapag, Nicolás Sergio |e autor |9 525229 | ||
| 856 | |u http://bibliografiadigital.pucv.cl.pucv.idm.oclc.org/index.php/bibliotecapucv/catalog/book/261 |y Disponible Online | ||
| 942 | |c BK |2 ddc | ||
| 945 | |d 19990611 00:00:00 |a rbrito | ||
| 952 | |0 0 |1 0 |4 0 |6 658_401000000000000_HAX_1997 |7 0 |8 R |9 322351 |a BIBENE |b BIBENE |d 2019-11-20 |i 3522482 |l 2 |o 658.401 HAX 1997 |p 3522482 |r 2025-01-15 |s 2023-08-23 |w 2019-11-20 |y BK_R |k ICO | ||
| 952 | |0 0 |1 0 |4 0 |6 658_401000000000000_HAX_1997 |7 0 |8 R |9 322353 |a BIBENE |b BIBENE |d 2019-11-20 |i 3556050 |o 658.401 HAX 1997 |p 3556050 |r 2025-01-15 |w 2019-11-20 |y BK_R |k ICO | ||
| 952 | |0 0 |1 0 |4 0 |6 658_401000000000000_HAX_1997 |7 0 |8 A |9 322354 |a BIBEDU |b BIBEDU |d 2019-11-20 |i 3784193 |o 658.401 HAX 1997 |p 3784193 |r 2019-11-20 |w 2019-11-20 |y BK |k PSI | ||
| 952 | |0 0 |1 0 |4 0 |6 658_401000000000000_HAX_1997 |7 0 |8 A |9 322355 |a BIBEDU |b BIBEDU |d 2019-11-20 |i 3795462 |o 658.401 HAX 1997 |p 3795462 |r 2019-11-20 |w 2019-11-20 |y BK |k PSI | ||
| 952 | |0 0 |1 0 |4 0 |6 658_401000000000000_HAX_1997 |7 0 |8 A |9 322356 |a BIBEDU |b BIBEDU |d 2019-11-20 |i 3803198 |o 658.401 HAX 1997 |p 3803198 |r 2019-11-20 |w 2019-11-20 |y BK |k PSI | ||
| 952 | |0 0 |1 0 |4 0 |6 658_401000000000000_HAX_1997 |7 0 |8 A |9 322358 |a BIBING |b BIBING |d 2019-11-20 |i 397247K |o 658.401 HAX 1997 |p 397247K |r 2025-01-20 |w 2019-11-20 |y BK |k TRA | ||
| 952 | |0 0 |1 0 |4 0 |6 658_401000000000000_HAX_1997 |7 0 |8 R |9 322359 |a BIBGIM |b BIBGIM |d 2019-11-20 |i 4018222 |o 658.401 HAX 1997 |p 4018222 |r 2025-01-15 |w 2019-11-20 |y BK_R |k COM | ||
| 952 | |0 0 |1 0 |4 0 |6 658_401000000000000_HAX_1997 |7 0 |8 R |9 322360 |a BIBGIM |b BIBGIM |d 2019-11-20 |i 4018214 |o 658.401 HAX 1997 |p 4018214 |r 2025-01-15 |w 2019-11-20 |y BK_R |k COM | ||
| 952 | |0 0 |1 0 |4 0 |6 658_401000000000000_HAX_1997 |7 0 |8 R |9 322361 |a BIBGIM |b BIBGIM |d 2019-11-20 |i 4088123 |l 1 |o 658.401 HAX 1997 |p 4088123 |r 2025-01-15 |s 2022-09-20 |w 2019-11-20 |y BK_R |k COM | ||
| 952 | |0 0 |1 0 |4 0 |6 658_401000000000000_HAX_1997 |7 0 |8 R |9 322362 |a BIBGIM |b BIBGIM |d 2019-11-20 |i 4088131 |o 658.401 HAX 1997 |p 4088131 |r 2025-01-15 |w 2019-11-20 |y BK_R |k COM | ||
| 952 | |0 0 |1 0 |4 0 |6 658_401000000000000_HAX_1997 |7 0 |8 R |9 322363 |a BIBGIM |b BIBGIM |d 2019-11-20 |i 408814K |o 658.401 HAX 1997 |p 408814K |r 2025-01-15 |w 2019-11-20 |y BK_R |k COM | ||
| 952 | |0 0 |1 0 |4 0 |6 658_401000000000000_HAX_1997 |7 0 |8 R |9 322364 |a BIBGIM |b BIBGIM |d 2019-11-20 |i 4088158 |l 1 |o 658.401 HAX 1997 |p 4088158 |r 2025-01-15 |s 2022-09-22 |w 2019-11-20 |y BK_R |k COM | ||
| 952 | |0 0 |1 0 |4 0 |6 658_401000000000000_HAX_1997 |7 0 |8 R |9 322365 |a BIBGIM |b BIBGIM |d 2019-11-20 |i 4088166 |l 2 |o 658.401 HAX 1997 |p 4088166 |r 2021-06-08 |s 2021-03-01 |w 2019-11-20 |y BK_R |k COM | ||
| 952 | |0 0 |1 0 |4 0 |6 658_401000000000000_HAX_1997 |7 0 |8 A |9 322366 |a BIBING |b BIBING |d 2019-11-20 |i 4095553 |o 658.401 HAX 1997 |p 4095553 |r 2025-01-20 |w 2019-11-20 |y BK |k EII | ||
| 952 | |0 0 |1 0 |4 0 |6 658_401000000000000_HAX_1997 |7 0 |8 A |9 322367 |a BIBING |b BIBING |d 2019-11-20 |i 4095561 |o 658.401 HAX 1997 |p 4095561 |r 2025-01-20 |w 2019-11-20 |y BK |k EII | ||
| 952 | |0 0 |1 0 |4 0 |6 658_401000000000000_HAX_1997 |7 0 |8 A |9 322368 |a BIBING |b BIBING |d 2019-11-20 |i 409557K |o 658.401 HAX 1997 |p 409557K |r 2025-01-20 |w 2019-11-20 |y BK |k EII | ||
| 952 | |0 0 |1 0 |4 0 |6 658_401000000000000_HAX_1997 |7 0 |8 R |9 322369 |a BIBGIM |b BIBGIM |d 2019-11-20 |i 4235630 |l 1 |o 658.401 HAX 1997 |p 4235630 |r 2025-01-15 |s 2023-09-20 |w 2019-11-20 |y BK_R |k COM | ||
| 952 | |0 0 |1 0 |4 0 |6 658_401000000000000_HAX_1997 |7 0 |8 A |9 322370 |a BIBING |b BIBING |d 2019-11-20 |i 4329414 |o 658.401 HAX 1997 |p 4329414 |r 2025-01-20 |w 2019-11-20 |y BK |k CIC | ||
| 952 | |0 0 |1 0 |3 erb |4 0 |6 658_401000000000000_HAX_1997 |7 0 |8 R |9 322371 |a BIBENE |b BIBENE |i 5327458 |l 4 |m 1 |o 658.401 HAX 1997 |p 5327458 |r 2025-01-15 |s 2023-05-23 |w 2019-11-20 |y BK_R |z Catalogado en:20170226 |k ICO | ||